Paseo Marítimo de Barcelona
Descripción Física:
[17] p. : fot. ; 21 cm
Otros Autores:
Comisión de Urbanismo de Barcelona
Materias:
Passeig Marítim (Barcelona, Catalunya)
MARC
| LEADER | 00000nam a2200000Ia 4500 | ||
|---|---|---|---|
| 001 | 19300 | ||
| 008 | 160829s1964 xx 000 0 cat d | ||
| 080 | |a FU-3-56 | ||
| 245 | |a Paseo Marítimo de Barcelona | ||
| 260 | |a Barcelona : |b Ministerio de la Vivienda. Comisión de Urbanismo de Barcelona, |c 1964 | ||
| 300 | |a [17] p. : |b fot. ; |c 21 cm | ||
| 590 | |a Prové de R-391, exp. 8 | ||
| 651 | 0 | |a Passeig Marítim (Barcelona, Catalunya) |9 54324 | |
| 700 | |a Comisión de Urbanismo de Barcelona |9 35549 | ||
| 710 | |a Espanya. |b Ministerio de la Vivienda |9 11988 | ||
| 901 | |a Arxiu | ||
| 942 | |n 1 | ||
| 952 | |0 0 |1 0 |4 0 |6 FU356 |7 1 |9 54136 |a Arxiu |b Arxiu |d 2016-12-01 |l 0 |o FU-3-56 |p 19300 |r 2016-12-01 00:00:00 |w 2016-12-01 |y ARXIU | ||
| 999 | |c 58005 |d 58005 | ||